Contemporary Soviet Law (Record no. 1183084)

MARC details
000 -LEADER
fixed length control field 00841nam a2200277Ia 4500
003 - CONTROL NUMBER IDENTIFIER
control field OSt
005 - DATE AND TIME OF LATEST TRANSACTION
control field 20221007103558.0
008 - FIXED-LENGTH DATA ELEMENTS--GENERAL INFORMATION
fixed length control field 221006b |||||||| |||| 00| 0 eng d
020 ## - INTERNATIONAL STANDARD BOOK NUMBER
International Standard Book Number 9024716513
037 ## - SOURCE OF ACQUISITION
Terms of availability Textual
040 ## - CATALOGING SOURCE
Original cataloging agency LCO
Transcribing agency LCO
Language of cataloging eng
041 ## - LANGUAGE CODE
Source of code eng
Language code of text/sound track or separate title eng
100 ## - MAIN ENTRY--PERSONAL NAME
Personal name Barry Donald D. Ed.
9 (RLIN) 705271
245 #0 - TITLE STATEMENT
Title Contemporary Soviet Law
Remainder of title Essays in honor of John N. Hazard
260 ## - PUBLICATION, DISTRIBUTION, ETC.
Place of publication, distribution, etc. Netherlands
Name of publisher, distributor, etc. Martines Nijhoff
Date of publication, distribution, etc. 1974
300 ## - PHYSICAL DESCRIPTION
Extent 242
650 ## - SUBJECT ADDED ENTRY--TOPICAL TERM
Topical term or geographic name entry element Contemporary Soviet Law
9 (RLIN) 705272
700 ## - ADDED ENTRY--PERSONAL NAME
Personal name Butler W.E. Ed.
9 (RLIN) 660161
700 ## - ADDED ENTRY--PERSONAL NAME
Personal name Ginsburgs George Ed.
9 (RLIN) 705273
942 ## - ADDED ENTRY ELEMENTS (KOHA)
Classification part Z58,916, L4
Koha item type Textual
Holdings
Withdrawn status Lost status Damaged status Not for loan Home library Current library Date acquired Total Checkouts Full call number Barcode Date last seen Price effective from Koha item type
        Law Centre-I Library Law Centre-I Library 2022-10-07   Z58,916 L4 LO0010084 2022-10-07 2022-10-07 Textual
Copyright @ Delhi University Library System